000 00271nam a22001217a 4500
082 _a823
_bSHA/S
100 _aSHAKESPEARE, WILLIAM
245 _aSTORIES FROM SHAKESPEARE
260 _aMADRAS
_bOXFORD
_c1992
300 _a135
650 _aENGLISH STORY
_zINDIA
942 _cBK
999 _c7336
_d7336